<?xml version="1.0" encoding="UTF-8"?>
<marc:record xmlns:marc="http://www.loc.gov/MARC21/slim" type="Bibliographic">
   <marc:leader>00000nam a22000008c 4500</marc:leader>
   <marc:controlfield tag="001">1205755179</marc:controlfield>
   <marc:controlfield tag="003">DE-101</marc:controlfield>
   <marc:controlfield tag="005">20201031130929.0</marc:controlfield>
   <marc:controlfield tag="007">tu</marc:controlfield>
   <marc:controlfield tag="008">200303s2020    gw ||||| |||| 00||||ger  </marc:controlfield>
   <marc:datafield ind1=" " ind2=" " tag="015">
      <marc:subfield code="a">20,N11</marc:subfield>
      <marc:subfield code="2">dnb</marc:subfield>
   </marc:datafield>
   <marc:datafield ind1="7" ind2=" " tag="016">
      <marc:subfield code="2">DE-101</marc:subfield>
      <marc:subfield code="a">1205755179</marc:subfield>
   </marc:datafield>
   <marc:datafield ind1=" " ind2=" " tag="020">
      <marc:subfield code="a">9783845837550</marc:subfield>
      <marc:subfield code="c">Festeinband : EUR 14.00 (DE), EUR 14.40 (AT), CHF 20.90 (freier Preis)</marc:subfield>
      <marc:subfield code="9">978-3-8458-3755-0</marc:subfield>
   </marc:datafield>
   <marc:datafield ind1=" " ind2=" " tag="020">
      <marc:subfield code="a">3845837551</marc:subfield>
      <marc:subfield code="9">3-8458-3755-1</marc:subfield>
   </marc:datafield>
   <marc:datafield ind1="3" ind2=" " tag="024">
      <marc:subfield code="a">9783845837550</marc:subfield>
   </marc:datafield>
   <marc:datafield ind1=" " ind2=" " tag="035">
      <marc:subfield code="a">(DE-599)DNB1205755179</marc:subfield>
   </marc:datafield>
   <marc:datafield ind1=" " ind2=" " tag="035">
      <marc:subfield code="a">(OCoLC)1144167216</marc:subfield>
   </marc:datafield>
   <marc:datafield ind1=" " ind2=" " tag="040">
      <marc:subfield code="a">1245</marc:subfield>
      <marc:subfield code="b">ger</marc:subfield>
      <marc:subfield code="c">DE-101</marc:subfield>
      <marc:subfield code="d">9999</marc:subfield>
   </marc:datafield>
   <marc:datafield ind1=" " ind2=" " tag="041">
      <marc:subfield code="a">ger</marc:subfield>
   </marc:datafield>
   <marc:datafield ind1=" " ind2=" " tag="044">
      <marc:subfield code="c">XA-DE-BY</marc:subfield>
   </marc:datafield>
   <marc:datafield ind1="7" ind2="4" tag="082">
      <marc:subfield code="a">K</marc:subfield>
      <marc:subfield code="q">DE-101</marc:subfield>
      <marc:subfield code="2">23sdnb</marc:subfield>
   </marc:datafield>
   <marc:datafield ind1="1" ind2=" " tag="100">
      <marc:subfield code="a">von Thun, Max</marc:subfield>
      <marc:subfield code="4">aut</marc:subfield>
   </marc:datafield>
   <marc:datafield ind1="1" ind2="0" tag="245">
      <marc:subfield code="a">&#x98;Der&#x9c; Sternenmann und das große Abenteuer</marc:subfield>
      <marc:subfield code="c">Max von Thun, Romedio von Stein</marc:subfield>
   </marc:datafield>
   <marc:datafield ind1=" " ind2=" " tag="250">
      <marc:subfield code="a">1. Auflage</marc:subfield>
   </marc:datafield>
   <marc:datafield ind1=" " ind2=" " tag="263">
      <marc:subfield code="a">202010</marc:subfield>
   </marc:datafield>
   <marc:datafield ind1=" " ind2="1" tag="264">
      <marc:subfield code="a">München</marc:subfield>
      <marc:subfield code="b">arsEdition</marc:subfield>
      <marc:subfield code="c">2020</marc:subfield>
   </marc:datafield>
   <marc:datafield ind1=" " ind2=" " tag="300">
      <marc:subfield code="c">22.5 cm x 17.5 cm, 510 g</marc:subfield>
   </marc:datafield>
   <marc:datafield ind1=" " ind2=" " tag="336">
      <marc:subfield code="a">Text</marc:subfield>
      <marc:subfield code="b">txt</marc:subfield>
      <marc:subfield code="2">rdacontent</marc:subfield>
   </marc:datafield>
   <marc:datafield ind1=" " ind2=" " tag="337">
      <marc:subfield code="a">ohne Hilfsmittel zu benutzen</marc:subfield>
      <marc:subfield code="b">n</marc:subfield>
      <marc:subfield code="2">rdamedia</marc:subfield>
   </marc:datafield>
   <marc:datafield ind1=" " ind2=" " tag="338">
      <marc:subfield code="a">Band</marc:subfield>
      <marc:subfield code="b">nc</marc:subfield>
      <marc:subfield code="2">rdacarrier</marc:subfield>
   </marc:datafield>
   <marc:datafield ind1=" " ind2=" " tag="653">
      <marc:subfield code="a">(Produktform)Hardback</marc:subfield>
   </marc:datafield>
   <marc:datafield ind1=" " ind2=" " tag="653">
      <marc:subfield code="a">(Zielgruppe)ab 5 Jahre</marc:subfield>
   </marc:datafield>
   <marc:datafield ind1=" " ind2=" " tag="653">
      <marc:subfield code="a">(BISAC Subject Heading)JUV000000</marc:subfield>
   </marc:datafield>
   <marc:datafield ind1=" " ind2=" " tag="653">
      <marc:subfield code="a">(BISAC Subject Heading)JUV001000: JUVENILE FICTION / Action &amp; Adventure / General</marc:subfield>
   </marc:datafield>
   <marc:datafield ind1=" " ind2=" " tag="653">
      <marc:subfield code="a">(BISAC Subject Heading)JUV053000: JUVENILE FICTION / Science Fiction</marc:subfield>
   </marc:datafield>
   <marc:datafield ind1=" " ind2=" " tag="653">
      <marc:subfield code="a">(BISAC Subject Heading)JUV037000: JUVENILE FICTION / Fantasy &amp; Magic</marc:subfield>
   </marc:datafield>
   <marc:datafield ind1=" " ind2=" " tag="653">
      <marc:subfield code="a">vorlesebuch kinder</marc:subfield>
   </marc:datafield>
   <marc:datafield ind1=" " ind2=" " tag="653">
      <marc:subfield code="a">vorlesegeschichte</marc:subfield>
   </marc:datafield>
   <marc:datafield ind1=" " ind2=" " tag="653">
      <marc:subfield code="a">bilderbuch ab 4</marc:subfield>
   </marc:datafield>
   <marc:datafield ind1=" " ind2=" " tag="653">
      <marc:subfield code="a">buch ab 4 jahren</marc:subfield>
   </marc:datafield>
   <marc:datafield ind1=" " ind2=" " tag="653">
      <marc:subfield code="a">geschenk für 4 jährige</marc:subfield>
   </marc:datafield>
   <marc:datafield ind1=" " ind2=" " tag="653">
      <marc:subfield code="a">max von thun</marc:subfield>
   </marc:datafield>
   <marc:datafield ind1=" " ind2=" " tag="653">
      <marc:subfield code="a">max von thun kinderbuch</marc:subfield>
   </marc:datafield>
   <marc:datafield ind1=" " ind2=" " tag="653">
      <marc:subfield code="a">sternenmann</marc:subfield>
   </marc:datafield>
   <marc:datafield ind1=" " ind2=" " tag="653">
      <marc:subfield code="a">der sternenmann</marc:subfield>
   </marc:datafield>
   <marc:datafield ind1=" " ind2=" " tag="653">
      <marc:subfield code="a">max von thun sternenmann</marc:subfield>
   </marc:datafield>
   <marc:datafield ind1=" " ind2=" " tag="653">
      <marc:subfield code="a">sternenmann abenteuer</marc:subfield>
   </marc:datafield>
   <marc:datafield ind1=" " ind2=" " tag="653">
      <marc:subfield code="a">abenteuergeschichte</marc:subfield>
   </marc:datafield>
   <marc:datafield ind1=" " ind2=" " tag="653">
      <marc:subfield code="a">einschlafbuch</marc:subfield>
   </marc:datafield>
   <marc:datafield ind1=" " ind2=" " tag="653">
      <marc:subfield code="a">(BISAC Subject Heading)JUV000000: JUVENILE FICTION / General</marc:subfield>
   </marc:datafield>
   <marc:datafield ind1=" " ind2=" " tag="653">
      <marc:subfield code="a">(VLB-WN)1231: Hardcover, Softcover / Kinder- und Jugendbücher/Vorlesebücher</marc:subfield>
   </marc:datafield>
   <marc:datafield ind1=" " ind2="7" tag="655">
      <marc:subfield code="0">(DE-101)1010682474</marc:subfield>
      <marc:subfield code="a">Vorlesebücher</marc:subfield>
      <marc:subfield code="2">gatbeg</marc:subfield>
   </marc:datafield>
   <marc:datafield ind1="1" ind2=" " tag="700">
      <marc:subfield code="a">von Stein, Romedio</marc:subfield>
      <marc:subfield code="4">aut</marc:subfield>
   </marc:datafield>
   <marc:datafield ind1="1" ind2=" " tag="700">
      <marc:subfield code="a">Balmaseda, Marta</marc:subfield>
      <marc:subfield code="4">ill</marc:subfield>
   </marc:datafield>
   <marc:datafield ind1="1" ind2=" " tag="700">
      <marc:subfield code="a">Balmaseda, Pedro</marc:subfield>
      <marc:subfield code="4">ill</marc:subfield>
   </marc:datafield>
   <marc:datafield ind1="2" ind2=" " tag="710">
      <marc:subfield code="0">(DE-588)4447034-4</marc:subfield>
      <marc:subfield code="0">https://d-nb.info/gnd/4447034-4</marc:subfield>
      <marc:subfield code="0">(DE-101)949989754</marc:subfield>
      <marc:subfield code="a">arsEdition</marc:subfield>
      <marc:subfield code="e">Verlag</marc:subfield>
      <marc:subfield code="4">pbl</marc:subfield>
      <marc:subfield code="2">gnd</marc:subfield>
   </marc:datafield>
   <marc:datafield ind1="0" ind2="8" tag="787">
      <marc:subfield code="i">In Beziehung stehende Ressource</marc:subfield>
      <marc:subfield code="z">9783845825243</marc:subfield>
   </marc:datafield>
   <marc:datafield ind1="0" ind2="8" tag="787">
      <marc:subfield code="i">In Beziehung stehende Ressource</marc:subfield>
      <marc:subfield code="z">9783845831572</marc:subfield>
   </marc:datafield>
   <marc:datafield ind1="4" ind2="2" tag="856">
      <marc:subfield code="m">X:MVB</marc:subfield>
      <marc:subfield code="q">text/html</marc:subfield>
      <marc:subfield code="u">http://deposit.dnb.de/cgi-bin/dokserv?id=54e0d1dfc28043e2b7cdcf71283dbd67&amp;prov=M&amp;dok_var=1&amp;dok_ext=htm</marc:subfield>
      <marc:subfield code="3">Inhaltstext</marc:subfield>
   </marc:datafield>
   <marc:datafield ind1="w" ind2=" " tag="925">
      <marc:subfield code="a">c</marc:subfield>
   </marc:datafield>
   <marc:datafield ind1="1" ind2=" " tag="926">
      <marc:subfield code="a">YBCS1</marc:subfield>
      <marc:subfield code="o">93</marc:subfield>
      <marc:subfield code="q">Publisher</marc:subfield>
      <marc:subfield code="v">1.4</marc:subfield>
      <marc:subfield code="x">Bilderbücher mit Erzähltexten: Gutenachtgeschichten</marc:subfield>
   </marc:datafield>
   <marc:datafield ind1="2" ind2=" " tag="926">
      <marc:subfield code="a">YFC</marc:subfield>
      <marc:subfield code="o">93</marc:subfield>
      <marc:subfield code="q">Publisher</marc:subfield>
      <marc:subfield code="v">1.4</marc:subfield>
      <marc:subfield code="x">Kinder/Jugendliche: Action- und Abenteuergeschichten</marc:subfield>
   </marc:datafield>
   <marc:datafield ind1="2" ind2=" " tag="926">
      <marc:subfield code="a">YFG</marc:subfield>
      <marc:subfield code="o">93</marc:subfield>
      <marc:subfield code="q">Publisher</marc:subfield>
      <marc:subfield code="v">1.4</marc:subfield>
      <marc:subfield code="x">Kinder/Jugendliche: Science-Fiction</marc:subfield>
   </marc:datafield>
   <marc:datafield ind1="2" ind2=" " tag="926">
      <marc:subfield code="a">YFH</marc:subfield>
      <marc:subfield code="o">93</marc:subfield>
      <marc:subfield code="q">Publisher</marc:subfield>
      <marc:subfield code="v">1.4</marc:subfield>
      <marc:subfield code="x">Kinder/Jugendliche: Fantasy</marc:subfield>
   </marc:datafield>
   <marc:datafield ind1="2" ind2=" " tag="926">
      <marc:subfield code="a">5AF</marc:subfield>
      <marc:subfield code="o">98</marc:subfield>
      <marc:subfield code="q">Publisher</marc:subfield>
      <marc:subfield code="v">1.4</marc:subfield>
      <marc:subfield code="x">empfohlenes Alter: ab 5 Jahre</marc:subfield>
   </marc:datafield>
</marc:record>
